Представление документа в формате RUSMARC

ПолеНазваниеЗначение
  Тип записи a
  Библиографический уровень m
001 Контрольный номер RU/SLIB/B/208788236
005 Дата корректировки 20201206204409.5
010 Индекс ISBN __
d Цена 1-20
101 Язык документа __
a Язык текста rus
c Язык оригинала rus
200 Заглавие и сведения об ответственности 1_
a Заглавие Жизнь Клима Самгина, 1925-1936
e Сведения, относящиеся к заглавию в 30 т.
f Первые сведения об ответственности М. Горький
b Общее обозначение материала Текст
210 Выходные данные __
a Место издания М.
c Издательство Гослитиздат
d Дата издания 1953
215 Физическое описание __
a Объем 558 с.
461 Уровень набора __
1 2001
a Собрание сочинений
v Т. 22
606 Тематические рубрики __
a Основная рубрика Художественная литература
z Хронологическая подрубрика 20 в.
y Географическая подрубрика Россия
606 Тематические рубрики __
a Основная рубрика Русская литература XX в. (произведения)
610 Ключевые слова __
a Ключевые слова прозаики; писатели
686 Индексы других классификаций __
a Классификационный индекс 84(2Рос=Рус)6-4
700 Автор _1
a Фамилия Горький
b Имя М.
c Титул (звания) Пешков А. М.
g Полное личное имя Максим
4 Код отношения 070
801 Источник записи _0
a Страна RU
b Организация Муниципальное бюджетное учреждение культуры "Централизованная библиотечная система" г. Сургут (Центральная городская библиотека им. А. С. Пушкина)
g Правила каталогизации ЦДБ/Суздальцева
801 Источник записи _1
a Страна RU
b Организация Муниципальное бюджетное учреждение культуры "Централизованная библиотечная система" г. Сургут (Центральная городская библиотека им. А. С. Пушкина)
g Правила каталогизации ЦДБ/Суздальцева
852 Данные о местонахождении __
j Шифр хранения 84(2Рос=Рус)6-4
c Каталожный индекс 84(2Рос=Рус)6-4
i Авторский знак Г 71
p Инвентарный номер 3636(д)
901 Тип документа __
t Тип документа m
903 Характеристики (МАРС) __
a Дата передачи 20060503
990 Данные о заказе (DOS) __
j Количество экземпляров (DOS) 1
t N записи в КСУ для И/У (DOS) ретр